[Event "World Senior Teams +65"]
[Site "Radebeul GER"]
[Date "2016.07.03"]
[Round "8.20"]
[Board "1"]
[White "Kristiansen, Erling"]
[Black "Taksrud, Vidar"]
[Result "1-0"]
[WhiteTitle "FM"]
[WhiteElo "2147"]
[BlackElo "1979"]
[WhiteTeam "Norway Veteran"]
[BlackTeam "Norway 3"]
[WhiteFideId "1500244"]
[BlackFideId "1502158"]
[EventDate "2016.06.26"]

1. d4 Nf6 2. Nf3 e6 3. g3 c5 4. c4 cxd4 5. Nxd4 Nc6 6. Nc2 d5 7. Bg2 Bc5 8. cxd5
exd5 9. O-O O-O 10. Bg5 Be7 11. Nc3 Be6 12. Bxf6 Bxf6 13. Nxd5 Bxd5 14. Bxd5
Bxb2 15. Rb1 Qf6 16. Ne3 Rad8 17. Qc2 Bd4 18. Rxb7 Rc8 19. Nf5 Bb6 20. Bxc6 Rxc6
21. Qxc6 Qxf5 22. Qd6 h5 23. Rb8 Rxb8 24. Qxb8+ Kh7 25. e3 Qc2 26. Qe5 Kg6 27.
h4 f6 28. Qe6 Kh7 29. Qd5 Kh6 30. Qb3 Qc6 31. Rd1 Qe8 32. Qc4 Kh7 33. Rd5 Kh6
34. a4 Qf7 35. Qf4+ Kh7 36. Qf5+ Kh6 37. a5 Bc7 38. Qd3 Qe6 39. e4 Qg4 40. Kg2
g5 41. hxg5+ fxg5 42. Rd7 1-0

[Event "World Senior Teams +65"]
[Site "Radebeul GER"]
[Date "2016.07.03"]
[Round "8.20"]
[Board "2"]
[White "Nordby, Bernt"]
[Black "Ofstad, Per"]
[Result "1/2-1/2"]
[WhiteElo "2017"]
[BlackElo "2139"]
[WhiteTeam "Norway 3"]
[BlackTeam "Norway Veteran"]
[WhiteFideId "1500694"]
[BlackFideId "1500708"]
[EventDate "2016.06.26"]

1. d4 d5 2. Nf3 Nf6 3. c4 c6 4. e3 e6 5. Nbd2 Nbd7 6. Bd3 Bd6 7. O-O O-O 8. e4
dxe4 9. Nxe4 Nxe4 10. Bxe4 Be7 11. Bc2 Re8 12. Qd3 g6 13. Be3 Bf6 14. Rad1 Qc7
15. Rfe1 b6 16. Qd2 Bb7 1/2-1/2

[Event "World Senior Teams +65"]
[Site "Radebeul GER"]
[Date "2016.07.03"]
[Round "8.20"]
[Board "3"]
[White "Henrichsen, Erland"]
[Black "Zakariassen, Tom"]
[Result "1-0"]
[WhiteElo "1943"]
[BlackElo "1797"]
[WhiteTeam "Norway Veteran"]
[BlackTeam "Norway 3"]
[WhiteFideId "1512722"]
[BlackFideId "1513753"]
[EventDate "2016.06.26"]

1. d4 Nf6 2. c4 e6 3. g3 c5 4. d5 exd5 5. cxd5 d6 6. Nc3 g6 7. Bg2 Bg7 8. Nf3
O-O 9. O-O a6 10. a4 b6 11. Bf4 Qc7 12. Rc1 Nh5 13. Be3 Bd7 14. Qb3 b5 15. axb5
axb5 16. Nxb5 Bxb5 17. Qxb5 Nd7 18. Qc6 Rac8 19. Qxc7 Rxc7 20. b4 c4 21. Nd4 Rb8
22. Nc6 Rb5 23. Rxc4 Nb6 24. Bxb6 Rxb6 25. Rb1 Nf6 26. Na5 Rcb7 27. Nxb7 1-0

[Event "World Senior Teams +65"]
[Site "Radebeul GER"]
[Date "2016.07.03"]
[Round "8.20"]
[Board "4"]
[White "Tveten, Per"]
[Black "Hellem, Gunnar"]
[Result "1-0"]
[WhiteElo "1537"]
[BlackElo "1627"]
[WhiteTeam "Norway 3"]
[BlackTeam "Norway Veteran"]
[WhiteFideId "1516701"]
[BlackFideId "1514164"]
[EventDate "2016.06.26"]

1. e4 c5 2. Nf3 Nc6 3. c4 g6 4. g3 Bg7 5. Nc3 Nf6 6. Bg2 O-O 7. O-O a6 8. a4 Nb4
9. d3 b6 10. Nd5 Nfxd5 11. cxd5 d6 12. Qb3 e6 13. Bd2 a5 14. Bc3 Ba6 15. Bxb4
cxb4 16. dxe6 fxe6 17. Qxe6+ Kh8 18. Qb3 Qf6 19. Rab1 Ra7 20. Qc2 Qe6 21. Ng5
Qd7 22. f4 Rc7 23. Qd2 Rfc8 24. Bh3 Qxa4 25. b3 Rc2 26. Qe3 Qa2 27. e5 Re2 28.
Qxb6 Ra8 29. Qxd6 Bb7 30. Qe6 Rg2+ 31. Kh1 Rxh2+ 32. Kg1 Rg2+ 33. Kh1 Rxg3+ 34.
Ne4 Bc8 35. Qe8+ 1-0

[Event "World Senior Teams +65"]
[Site "Radebeul GER"]
[Date "2016.07.03"]
[Round "8.21"]
[Board "1"]
[White "Haase, Wolfgang"]
[Black "Rychlik, Kurt"]
[Result "0-1"]
[WhiteElo "2144"]
[BlackElo "2023"]
[WhiteTeam "Hessen 2"]
[BlackTeam "Surprise"]
[WhiteFideId "4627440"]
[BlackFideId "4694120"]
[EventDate "2016.06.26"]

1. e4 g6 2. d4 d6 3. Nc3 Bg7 4. Be3 a6 5. a4 b6 6. Bc4 e6 7. Qd2 h6 8. Nge2 Ne7
9. h4 d5 10. Bd3 Bb7 11. h5 g5 12. exd5 Nxd5 13. Be4 Nd7 14. Bxd5 Bxd5 15. Nxd5
exd5 16. Ng3 Qf6 17. O-O O-O 18. f4 g4 19. f5 Rfe8 20. c3 Kh7 21. Bf4 c6 22.
Rae1 b5 23. Re3 Bf8 24. Rfe1 Rxe3 25. Qxe3 c5 26. Be5 Qc6 27. Qf4 f6 28. Bc7 Rc8
29. Ba5 Bd6 30. Qf2 bxa4 31. Re6 Nf8 32. Rxf6 Bxg3 33. Rf7+ Kg8 34. Rxf8+ Rxf8
35. Qxg3 Rxf5 36. Qxg4+ Rg5 37. Qf4 Qe6 38. Qf2 cxd4 39. cxd4 Rxh5 40. Bb4 Rf5
41. Qg3+ Kh7 42. Bd2 Qf6 43. Be3 Rf1+ 44. Kh2 Qg6 45. Qh3 Rf5 46. Kg1 Qh5 47.
Qxh5 Rxh5 48. Kf2 Rh1 49. Bd2 Kg6 50. Kf3 h5 51. Bb4 Kf5 52. g3 Rd1 53. Ke3 Kg4
54. Bd6 Rb1 0-1

[Event "World Senior Teams +65"]
[Site "Radebeul GER"]
[Date "2016.07.03"]
[Round "8.21"]
[Board "2"]
[White "Ophoff, Rigobert"]
[Black "Benninger, Rudolf"]
[Result "1/2-1/2"]
[WhiteElo "1981"]
[BlackElo "2099"]
[WhiteTeam "Surprise"]
[BlackTeam "Hessen 2"]
[WhiteFideId "4679750"]
[BlackFideId "4699564"]
[EventDate "2016.06.26"]

1. d4 g6 2. e4 Bg7 3. c4 c5 4. d5 d6 5. Nc3 e6 6. Nf3 Ne7 7. Be2 O-O 8. O-O e5
9. Ne1 f5 10. f3 Nd7 11. Be3 f4 12. Bf2 g5 13. Nd3 b6 14. g4 fxg3 15. hxg3 Ng6
16. Kg2 Nf6 17. Be3 Qd7 18. Rh1 g4 19. fxg4 Nxg4 20. Bxg4 1/2-1/2

[Event "World Senior Teams +65"]
[Site "Radebeul GER"]
[Date "2016.07.03"]
[Round "8.21"]
[Board "3"]
[White "Niebling, Ferdinand"]
[Black "Wittkugel, Friedhelm"]
[Result "1-0"]
[WhiteElo "2132"]
[BlackElo "1993"]
[WhiteTeam "Hessen 2"]
[BlackTeam "Surprise"]
[WhiteFideId "4638425"]
[BlackFideId "24606162"]
[EventDate "2016.06.26"]

1. d4 Nf6 2. Nf3 g6 3. c4 Bg7 4. Nc3 c5 5. g3 O-O 6. Bg2 cxd4 7. Nxd4 d6 8. O-O
Nbd7 9. e4 Ne5 10. b3 Bd7 11. h3 Nc6 12. Be3 Qc8 13. Kh2 Nxd4 14. Bxd4 Bc6 15.
Rc1 a5 16. Qd2 e6 17. Be3 Rd8 18. Rfd1 Rd7 19. Nd5 exd5 20. cxd5 Qe8 21. dxc6
bxc6 22. Rxc6 Nxe4 23. Qc2 d5 24. Bxe4 dxe4 25. Rxd7 Qxd7 26. Qxe4 Re8 27. Qc4
Qf5 28. Rc5 1-0

[Event "World Senior Teams +65"]
[Site "Radebeul GER"]
[Date "2016.07.03"]
[Round "8.21"]
[Board "4"]
[White "Perk, Egbert"]
[Black "Falk, Thomas"]
[Result "0-1"]
[WhiteElo "1949"]
[BlackElo "2094"]
[WhiteTeam "Surprise"]
[BlackTeam "Hessen 2"]
[WhiteFideId "4645944"]
[BlackFideId "4634624"]
[EventDate "2016.06.26"]

1. Nf3 Nf6 2. c4 c5 3. g3 d5 4. Bg2 Nc6 5. cxd5 Nxd5 6. O-O e5 7. Nc3 Be6 8. Qa4
f6 9. Ne1 Be7 10. d3 Qd7 11. e4 Nc7 12. Be3 O-O 13. f4 a6 14. f5 Bf7 15. Qd1 Nd4
16. Qg4 Kh8 17. Rc1 Rg8 18. Qh3 b5 19. b3 b4 20. Na4 Ne2+ 21. Kh1 Nxc1 22. Bxc1
Qd6 23. Be3 Qc6 24. g4 Nb5 25. Rf3 Rgc8 26. Qh4 Nd4 27. Rh3 Bg8 28. Qf2 Ra7 29.
Rg3 Qe8 30. h4 Rc6 31. Bf3 Bf7 32. Bd1 Rd7 33. Rh3 Bf8 34. h5 h6 35. Nb2 Qd8 36.
Ng2 Qa5 37. Nc4 Qd8 38. Bc1 Rdd6 39. Nh4 Kg8 40. Ng6 Rc7 41. Rg3 Be8 42. Nb2 Bb5
43. Be2 Nxe2 44. Qxe2 Rcd7 45. g5 Bxd3 46. Qf3 Rd4 47. Rg4 hxg5 48. Bxg5 Bc2 49.
Nxe5 Bd1 50. Nxd1 Rxd1+ 51. Kg2 R7d2+ 52. Bxd2 Qxd2+ 53. Qf2 fxe5 54. f6 Qxf2+
55. Kxf2 Kf7 56. Ke2 Rh1 57. fxg7 Bxg7 58. Kf3 Rxh5 59. Rg2 Rh3+ 60. Kg4 Re3 61.
Kf5 Rf3+ 0-1

[Event "World Senior Teams +65"]
[Site "Radebeul GER"]
[Date "2016.07.03"]
[Round "8.22"]
[Board "1"]
[White "Smeets, Pierre"]
[Black "Schmidt, Gerhard3"]
[Result "1/2-1/2"]
[WhiteElo "2119"]
[BlackElo "2077"]
[WhiteTeam "Oranje 3"]
[BlackTeam "Saxone"]
[WhiteFideId "1043820"]
[BlackFideId "12962260"]
[EventDate "2016.06.26"]

1. c4 Nf6 2. g3 g6 3. Bg2 Bg7 4. Nc3 d6 5. e4 O-O 6. Nge2 c5 7. d3 Nc6 8. O-O
Rb8 9. h3 a6 10. a4 Bd7 11. Be3 Qc8 12. Kh2 Ne8 13. Qd2 Nd4 14. Nd5 Qd8 15. Bxd4
cxd4 16. a5 e6 17. Nb6 Bc6 18. f4 Nc7 19. b4 Qe7 20. Rae1 Kh8 21. Ng1 Na8 22.
Nxa8 Rxa8 23. Nf3 e5 24. fxe5 1/2-1/2

[Event "World Senior Teams +65"]
[Site "Radebeul GER"]
[Date "2016.07.03"]
[Round "8.22"]
[Board "2"]
[White "Roos, Hans-Goerg"]
[Black "Mostertman, Loek"]
[Result "1/2-1/2"]
[WhiteElo "1948"]
[BlackElo "1958"]
[WhiteTeam "Saxone"]
[BlackTeam "Oranje 3"]
[WhiteFideId "4689496"]
[BlackFideId "1010425"]
[EventDate "2016.06.26"]

1. Nf3 c5 2. g3 d5 3. Bg2 Nc6 4. d3 e5 5. O-O f6 6. Nbd2 Nge7 7. e4 Bg4 8. h3
Be6 9. Qe2 Qd7 10. Kh2 d4 11. Nb3 b6 12. Ng1 g5 13. Bf3 O-O-O 14. Bh5 Ng6 15. a4
a5 16. Nd2 Kb7 17. b3 Bd6 18. Nc4 Bc7 19. Bd2 Qg7 20. Bg4 Bf7 21. Kg2 h5 22. Bf5
Nge7 23. Bg6 Nxg6 24. f3 Be6 25. Rf2 Qd7 26. Rb1 h4 27. g4 Rhe8 28. Qe1 Nf4+ 29.
Bxf4 exf4 30. Qd1 1/2-1/2

[Event "World Senior Teams +65"]
[Site "Radebeul GER"]
[Date "2016.07.03"]
[Round "8.22"]
[Board "3"]
[White "Mentink, Toon"]
[Black "Stavenhagen, Johannes"]
[Result "1/2-1/2"]
[WhiteElo "1853"]
[BlackElo "1914"]
[WhiteTeam "Oranje 3"]
[BlackTeam "Saxone"]
[WhiteFideId "1017322"]
[BlackFideId "24615706"]
[EventDate "2016.06.26"]

1. c4 Nf6 2. Nf3 c5 3. Nc3 d6 4. g3 Nc6 5. Bg2 g6 6. d3 Bg7 7. Bd2 O-O 8. Ng5
Bf5 9. h3 Qc8 10. e4 Bd7 11. Rc1 h6 12. Nf3 a6 13. Be3 Kh7 14. Qd2 Re8 15. g4
Ng8 16. Nd5 Qd8 17. g5 h5 18. Qd1 b5 19. Nh4 e6 20. Nf4 Bxb2 21. Rc2 Bg7 22.
Nxh5 Nd4 23. Rd2 Nc6 24. Nxg7 Kxg7 25. Nf3 e5 26. h4 Bg4 27. Qa1 Bxf3 28. Bxf3
Nd4 29. Bd1 Ne6 30. f4 Nd4 31. h5 Qa5 32. Kf1 Qa3 33. Bxd4 exd4 34. Bb3 Ra7 35.
Qd1 Qa5 36. Rdh2 Ree7 37. cxb5 axb5 38. hxg6 fxg6 39. Bxg8 c4 40. Bd5 Re8 41.
Rh7+ Kf8 42. Rh8+ Ke7 43. R1h7+ Kd8 44. Rxe8+ Kxe8 45. Rxa7 Qxa7 46. Qb1 Qd7 47.
Kf2 c3 48. Qb3 Kf8 49. Be6 Qc7 50. Qc2 Qh7 51. Kg2 Qh4 52. Qc1 Qh5 53. Kg1 Qf3
54. f5 Qg3+ 55. Kh1 Qf3+ 56. Kg1 Qg3+ 57. Kh1 Qf3+ 1/2-1/2

[Event "World Senior Teams +65"]
[Site "Radebeul GER"]
[Date "2016.07.03"]
[Round "8.22"]
[Board "4"]
[White "Zanger, Konrad"]
[Black "Montsma, Foppe-Jan"]
[Result "0-1"]
[WhiteElo "1777"]
[BlackElo "1825"]
[WhiteTeam "Saxone"]
[BlackTeam "Oranje 3"]
[WhiteFideId "24615722"]
[BlackFideId "1011472"]
[EventDate "2016.06.26"]

1. d4 d6 2. e3 g6 3. Nf3 Bg7 4. Be2 f5 5. g3 Nf6 6. O-O O-O 7. Nbd2 Kh8 8. Rb1
e6 9. c4 a5 10. a3 a4 11. Bd3 Bd7 12. Qc2 Nc6 13. Re1 Nh5 14. Be2 Qe8 15. Nh4 g5
16. Ng2 e5 17. d5 Ne7 18. Bxh5 Qxh5 19. Qd1 Qg6 20. f4 h6 21. Qe2 Rfe8 22. b4
exf4 23. Qf1 fxe3 24. Nxe3 f4 25. Ng2 fxg3 26. hxg3 Bd4+ 27. Ne3 Nf5 28. Qd3
Rxe3 29. Rxe3 Bxe3+ 30. Kh2 Re8 31. Bb2+ Kg8 32. g4 Nh4 33. Qc3 Bf4+ 34. Kh1 Be5
35. Qc1 Qd3 36. Qf1 Qxd2 37. Bxe5 Rxe5 38. Rd1 Qf4 39. Qg1 Qf3+ 0-1

[Event "World Senior Teams +65"]
[Site "Radebeul GER"]
[Date "2016.07.03"]
[Round "8.23"]
[Board "2"]
[White "Juergens, Peter2"]
[Black "Ewart, Brian R"]
[Result "0-1"]
[WhiteElo "1938"]
[BlackElo "1909"]
[WhiteTeam "Freibauer Niedersachsen"]
[BlackTeam "England 3"]
[WhiteFideId "4694694"]
[BlackFideId "415065"]
[EventDate "2016.06.26"]

1. d4 Nf6 2. Nf3 d5 3. Bf4 g6 4. e3 Bg7 5. Be2 O-O 6. O-O c5 7. c3 Nc6 8. Nbd2
b6 9. h3 Bb7 10. Ne5 Nd7 11. Nxd7 Qxd7 12. dxc5 e5 13. Bh2 bxc5 14. Nb3 Qe7 15.
Bf3 e4 16. Be2 Rad8 17. Qc2 d4 18. cxd4 cxd4 19. exd4 Nxd4 20. Nxd4 Rxd4 21.
Rad1 Rc8 22. Qb1 e3 23. f3 Rd2 24. Rxd2 exd2 25. Bd3 Qe3+ 0-1

[Event "World Senior Teams +65"]
[Site "Radebeul GER"]
[Date "2016.07.03"]
[Round "8.23"]
[Board "3"]
[White "Phillips, William"]
[Black "Hellwege, Werner"]
[Result "1/2-1/2"]
[WhiteElo "1852"]
[BlackElo "1895"]
[WhiteTeam "England 3"]
[BlackTeam "Freibauer Niedersachsen"]
[WhiteFideId "414344"]
[BlackFideId "4661460"]
[EventDate "2016.06.26"]

1. d4 d5 2. Nf3 Nf6 3. c4 e6 4. Nc3 Be7 5. Bg5 h6 6. Bh4 O-O 7. e3 a6 8. Rc1
Nbd7 9. Bd3 dxc4 10. Bxc4 c5 11. O-O b5 12. Bd3 Bb7 13. a4 cxd4 14. Nxd4 b4 15.
Nce2 Rc8 16. Rxc8 Qxc8 17. Qb1 Ne5 18. f3 Nxd3 19. Qxd3 Qd7 20. b3 e5 21. Qf5
Qd6 22. Bg3 Nd7 23. Qh3 Bg5 24. f4 exf4 25. Bxf4 Bxf4 26. exf4 Nf6 27. Rc1 Re8
28. Qd3 Qd5 29. Qf3 Ne4 30. Rc7 Ba8 31. Rc2 Qd6 32. Qe3 Kf8 33. Qd3 Bd5 34. Qh3
Nc3 35. Nxc3 bxc3 36. Qxc3 Bxb3 37. Nxb3 Qd1+ 38. Kf2 Kg8 39. Qd2 Qh1 40. h3 Qb1
41. Rb2 Qe4 42. g3 Qxa4 43. Nc5 Qc6 44. Nd3 Qh1 45. h4 Qh2+ 46. Kf3 Qh1+ 1/2-1/2

[Event "World Senior Teams +65"]
[Site "Radebeul GER"]
[Date "2016.07.03"]
[Round "8.23"]
[Board "4"]
[White "Nagorni, Walter"]
[Black "Emerton, Keith"]
[Result "0-1"]
[WhiteElo "1982"]
[BlackElo "1789"]
[WhiteTeam "Freibauer Niedersachsen"]
[BlackTeam "England 3"]
[WhiteFideId "4666593"]
[BlackFideId "447072"]
[EventDate "2016.06.26"]

1. Nf3 Nf6 2. d4 g6 3. g3 Bg7 4. Bg2 O-O 5. O-O d6 6. c4 Nbd7 7. Nc3 Re8 8. Bg5
h6 9. Bxf6 Bxf6 10. Qc2 e5 11. dxe5 Nxe5 12. Nxe5 Bxe5 13. Rad1 c6 14. e4 Qc7
15. f4 Bg7 16. Qd2 Bf8 17. b4 Qb6+ 18. Kh1 Qxb4 19. e5 dxe5 20. Rfe1 Bf5 21.
fxe5 Qxc4 22. Qe3 Qc5 23. Qxc5 Bxc5 24. Ne4 Bxe4 25. Rxe4 Re7 26. Bf3 Rae8 27.
Rde1 Bb6 28. Kg2 Bc7 29. Ra4 Bb6 30. Rae4 Ba5 31. R1e2 Bc3 32. Ra4 a6 33. Ra3
Bb4 34. Rb3 a5 35. a3 Bc5 36. h4 Rxe5 37. Rxe5 Rxe5 38. Rxb7 Bxa3 39. Bxc6 h5
40. Rd7 Bb4 41. Kf3 Rf5+ 42. Ke4 Be1 43. Rd3 Rc5 44. Bd5 Kg7 45. Rf3 f6 46. Rb3
Bb4 47. Rd3 Bc3 48. Bb3 Be1 49. Rd7+ Kh6 50. Bg8 g5 51. hxg5+ Rxg5 52. Bf7 Bxg3
53. Rd3 h4 54. Rf3 Kg7 55. Bd5 h3 56. Rf1 h2 57. Kd4 Be5+ 58. Ke3 Rg1 59. Kf2
Bd4+ 60. Ke2 a4 61. Rf4 h1=Q 62. Bxh1 Rxh1 63. Rxd4 a3 64. Ra4 Rh2+ 65. Kf1 a2
66. Kg1 Rc2 67. Kh1 Rc1+ 0-1

[Event "World Senior Teams +65"]
[Site "Radebeul GER"]
[Date "2016.07.03"]
[Round "8.24"]
[Board "1"]
[White "Kempe, Rainer"]
[Black "Hilbig, Klaus"]
[Result "0-1"]
[WhiteElo "2006"]
[BlackElo "1680"]
[WhiteTeam "Stiftung BSW / DBAG III"]
[BlackTeam "Dresdner Seniorenklub"]
[WhiteFideId "12975206"]
[BlackFideId "4653378"]
[EventDate "2016.06.26"]

1. e4 e6 2. d4 d5 3. e5 c5 4. c3 Nc6 5. Nf3 Qb6 6. Be2 Bd7 7. O-O Nh6 8. dxc5
Bxc5 9. Bxh6 gxh6 10. b4 Be7 11. Qd2 O-O-O 12. Qe3 Qxe3 13. fxe3 f6 14. exf6
Bxf6 15. b5 Ne7 16. Nbd2 Kb8 17. Rac1 e5 18. e4 Be8 19. exd5 Nxd5 20. Ne4 Bg7
21. Nh4 Nf4 22. Bc4 Rc8 23. Nd6 Rxc4 24. Nxc4 Ne2+ 25. Kh1 Nxc1 26. Rxc1 Bxb5
27. Nd6 Bc6 28. Nhf5 Bf6 29. Re1 Rg8 30. Re2 h5 31. Kg1 Bf3 32. Rb2 b6 33. Rf2
Ba8 34. Kf1 Bc6 35. g3 Bg5 36. Ke1 Kc7 37. h4 Bc1 38. Kd1 Ba3 39. Nc4 Rd8+ 40.
Rd2 Rxd2+ 41. Kxd2 Bd7 42. Ng7 Bd6 43. Nxh5 Be6 44. Nf6 0-1

[Event "World Senior Teams +65"]
[Site "Radebeul GER"]
[Date "2016.07.03"]
[Round "8.24"]
[Board "3"]
[White "Francke, Dirk"]
[Black "Gafke, Manfred"]
[Result "1/2-1/2"]
[WhiteElo "1952"]
[BlackElo "1816"]
[WhiteTeam "Stiftung BSW / DBAG III"]
[BlackTeam "Dresdner Seniorenklub"]
[WhiteFideId "12975320"]
[BlackFideId "24602493"]
[EventDate "2016.06.26"]

1. b4 e5 2. Bb2 d6 3. c4 Be6 4. e3 Nd7 5. d3 Ngf6 6. Nf3 Be7 7. Qc2 O-O 8. a3 c6
9. Nbd2 h6 10. h3 Bf5 11. Be2 Bh7 12. O-O Qc7 13. Rac1 Qb6 1/2-1/2

[Event "World Senior Teams +65"]
[Site "Radebeul GER"]
[Date "2016.07.03"]
[Round "8.24"]
[Board "4"]
[White "Neffe, Guenther"]
[Black "Warnke, Eberhard"]
[Result "0-1"]
[WhiteElo "1606"]
[BlackElo "1868"]
[WhiteTeam "Dresdner Seniorenklub"]
[BlackTeam "Stiftung BSW / DBAG III"]
[WhiteFideId "12903388"]
[BlackFideId "24677507"]
[EventDate "2016.06.26"]

1. Nf3 d5 2. c4 e6 3. cxd5 exd5 4. g3 c6 5. Bg2 Nf6 6. h3 Bd6 7. b3 O-O 8. Bb2
Nbd7 9. d4 Ne4 10. O-O f5 11. e3 Qe7 12. Nbd2 Ndf6 13. Nxe4 Nxe4 14. Ne5 Bd7 15.
Bxe4 fxe4 16. Nxd7 Qxd7 17. Qg4 Qe7 18. Rae1 Rf3 19. Kg2 Raf8 20. Re2 h6 21. h4
R8f6 22. h5 Kh7 23. Bc1 Qf7 24. Bd2 Bxg3 25. Be1 Bd6 26. Rh1 R6f5 27. Qg6+ Qxg6+
28. hxg6+ Kxg6 29. Rh3 Rg5+ 30. Rg3 Bxg3 31. fxg3 h5 32. Bf2 h4 33. Kh3 hxg3 0-1

[Event "World Senior Teams +65"]
[Site "Radebeul GER"]
[Date "2016.07.03"]
[Round "8.25"]
[Board "2"]
[White "Werner, Helmut"]
[Black "Chaabani, Abdelkader"]
[Result "1/2-1/2"]
[WhiteElo "1913"]
[BlackElo "1728"]
[WhiteTeam "BSV Chemie Radebeul"]
[BlackTeam "Tunisia"]
[WhiteFideId "16203348"]
[BlackFideId "5501989"]
[EventDate "2016.06.26"]

1. e4 e6 2. d4 d5 3. Nd2 Nf6 4. e5 Nfd7 5. f4 c5 6. c3 Nc6 7. Ndf3 Be7 8. Ne2 a6
9. Bd2 b6 10. g3 Bb7 11. Bg2 O-O 12. O-O g6 13. Bh3 h5 14. Qc2 Qc8 15. Bxe6 Kg7
16. Bxd7 Qxd7 17. Qd1 h4 18. Qe1 Qg4 19. Kg2 h3+ 20. Kh1 Rh8 21. Qf2 Nd8 22. Ng5
Ne6 23. Qf3 1/2-1/2

[Event "World Senior Teams +65"]
[Site "Radebeul GER"]
[Date "2016.07.04"]
[Round "9.1"]
[Board "1"]
[White "Sveshnikov, Evgeny"]
[Black "Romcovici, Victor"]
[Result "1/2-1/2"]
[WhiteTitle "GM"]
[BlackTitle "IM"]
[WhiteElo "2509"]
[BlackElo "2122"]
[WhiteTeam "Russia 65+"]
[BlackTeam "Moldova"]
[WhiteFideId "4100638"]
[BlackFideId "13900560"]
[EventDate "2016.06.26"]

1. e4 d6 2. d4 g6 3. Nc3 Bg7 4. g3 Na6 5. Bg2 c5 6. Nge2 Bg4 7. h3 Bd7 8. O-O
cxd4 9. Nxd4 Nf6 10. Be3 Nc5 11. f4 O-O 12. g4 Rc8 13. Nde2 b5 14. b4 Na6 15.
Rb1 Nxg4 16. hxg4 Bxc3 17. Nxc3 Rxc3 18. Bd2 Rc4 19. f5 Qb6+ 20. Rf2 Qd4 21. c3
Qe5 22. Qe2 Bc6 23. Re1 Nb8 24. Qe3 Nd7 25. Qxa7 Qg3 26. g5 gxf5 27. Rxf5 Ra8
28. Qf2 Qxf2+ 29. Rxf2 Rxa2 30. Bf1 Rxe4 31. Rxe4 Bxe4 32. Bxb5 Ne5 33. Kf1 Nf3
34. Be1 Ra1 35. Re2 Nxg5 36. Kf2 d5 37. Bc6 f5 38. b5 Rb1 39. Ra2 Nf3 40. Bd2
Nxd2 41. Rxd2 e6 42. Ke3 Kf7 43. Kd4 Kf6 44. Kc5 Rb3 45. c4 dxc4 46. Bxe4 fxe4
47. Kxc4 Rb1 48. Kc3 Ke5 49. Rh2 Kd5 50. Rxh7 Rxb5 51. Kd2 Rb2+ 52. Ke3 Rb3+ 53.
Ke2 Rg3 54. Rd7+ Ke5 55. Rd8 Rh3 56. Re8 Kf6 57. Rf8+ Ke7 58. Ra8 Rc3 59. Ra4
Kd6 60. Rxe4 Kd5 61. Ra4 e5 62. Ra8 e4 63. Ra1 1/2-1/2

[Event "World Senior Teams +65"]
[Site "Radebeul GER"]
[Date "2016.07.04"]
[Round "9.1"]
[Board "3"]
[White "Balashov, Yuri S"]
[Black "Scovitin, Albert"]
[Result "1-0"]
[WhiteTitle "GM"]
[WhiteElo "2408"]
[BlackElo "2209"]
[WhiteTeam "Russia 65+"]
[BlackTeam "Moldova"]
[WhiteFideId "4100263"]
[BlackFideId "13906356"]
[EventDate "2016.06.26"]

1. e4 e6 2. d4 d5 3. e5 c5 4. c3 Nc6 5. Be3 cxd4 6. cxd4 Qb6 7. Qd2 Nge7 8. Bd3
Nb4 9. Be2 Nf5 10. Nf3 Bd7 11. Nc3 Be7 12. O-O Rc8 13. a3 Na6 14. Bd3 Nh4 15.
Nxh4 Bxh4 16. b4 Be7 17. b5 Nb8 18. Na4 Qd8 19. Nc5 b6 20. Nxd7 Nxd7 21. f4 g6
22. Rfc1 O-O 23. Rxc8 Qxc8 24. Rc1 Qb7 25. Qc3 Rb8 26. g4 f5 27. Be2 Nf8 28. a4
Qd7 29. Qc6 Rb7 30. Qc8 Bd8 31. Rc6 Kf7 32. gxf5 gxf5 33. Bh5+ Ng6 34. Qa8 Ke8
35. Rd6 Qe7 36. Rxd8+ 1-0

[Event "World Senior Teams +65"]
[Site "Radebeul GER"]
[Date "2016.07.04"]
[Round "9.1"]
[Board "4"]
[White "Gyrlea, Viktor"]
[Black "Zhelnin, Vladimir V"]
[Result "0-1"]
[WhiteTitle "IM"]
[BlackTitle "IM"]
[WhiteElo "2384"]
[BlackElo "2455"]
[WhiteTeam "Moldova"]
[BlackTeam "Russia 65+"]
[WhiteFideId "13900803"]
[BlackFideId "4105567"]
[EventDate "2016.06.26"]

1. d4 Nf6 2. Nf3 g6 3. c4 Bg7 4. Nc3 O-O 5. e3 d6 6. Be2 Nbd7 7. O-O e5 8. Re1
Re8 9. Bf1 e4 10. Nd2 Nf8 11. h3 h5 12. f3 exf3 13. Nxf3 Ne4 14. Nxe4 Rxe4 15.
Bd3 Re8 16. e4 Ne6 17. Bc2 c5 18. d5 Nd4 19. Bd3 Bd7 20. Rb1 b5 21. cxb5 Bxb5
22. Bxb5 Nxb5 23. Bg5 Qb6 24. Kh2 Rac8 25. Qc2 Nd4 26. Qf2 Rc7 27. b3 Qa6 28.
Rbc1 Rb7 29. Rc4 Qa5 30. Rec1 Rxe4 31. Nxd4 Rxd4 32. Bf6 Rd2 33. Qh4 Qxa2 34.
Rg1 Qxb3 35. Re4 Rb8 36. Rge1 Qxd5 37. Qf4 Kh7 38. Bxg7 Kxg7 0-1

[Event "World Senior Teams +65"]
[Site "Radebeul GER"]
[Date "2016.07.04"]
[Round "9.2"]
[Board "1"]
[White "Faibisovich, Vadim Z"]
[Black "Harestad, Thor Geir"]
[Result "1/2-1/2"]
[WhiteTitle "IM"]
[BlackTitle "FM"]
[WhiteElo "2348"]
[BlackElo "2192"]
[WhiteTeam "Sankt-Petersburg"]
[BlackTeam "Norway 1"]
[WhiteFideId "4102703"]
[BlackFideId "1500414"]
[EventDate "2016.06.26"]

1. d4 Nf6 2. Nf3 g6 3. g3 Bg7 4. Bg2 O-O 5. O-O d6 6. Nc3 Nbd7 7. e4 e5 8. Re1
Re8 9. dxe5 dxe5 10. Be3 c6 11. Nd2 Nb6 12. h3 Qc7 13. Qe2 Be6 14. a4 a5 15.
Red1 Rad8 16. b3 Nfd7 17. Nf3 f6 18. Rd3 Bf8 19. Rad1 Nc5 20. Rxd8 Rxd8 21. Rxd8
Qxd8 22. Qd2 Qxd2 23. Nxd2 Nbd7 24. Bf1 Bd6 25. f3 Kf7 26. Kf2 Ke7 27. h4 b6 28.
Bc4 Bc7 29. Bxe6 Nxe6 30. Nc4 h5 31. Ne2 Ndc5 32. Nc1 f5 33. Nd3 Nd7 34. Bd2
fxe4 35. fxe4 Nd4 36. Bc3 Ke6 37. Bxd4 exd4 38. Kf3 Kf6 1/2-1/2

[Event "World Senior Teams +65"]
[Site "Radebeul GER"]
[Date "2016.07.04"]
[Round "9.2"]
[Board "2"]
[White "Ulrichsen, Jarl H"]
[Black "Mishuchkov, Nikolai M."]
[Result "1/2-1/2"]
[WhiteTitle "FM"]
[BlackTitle "IM"]
[WhiteElo "2187"]
[BlackElo "2306"]
[WhiteTeam "Norway 1"]
[BlackTeam "Sankt-Petersburg"]
[WhiteFideId "1500350"]
[BlackFideId "4102401"]
[EventDate "2016.06.26"]

1. d4 Nf6 2. Nf3 c5 3. e3 d5 4. dxc5 e6 5. c4 Bxc5 6. Nc3 O-O 7. cxd5 exd5 8.
Be2 Nc6 9. O-O a6 10. b3 d4 11. Na4 Ba7 12. Nxd4 Nxd4 13. exd4 Bxd4 14. Bb2 Bxb2 1/2-1/2